| 000 | 00492nam a2200181Ia 4500 | ||
|---|---|---|---|
| 008 | 131103s9999 xx 000 0 und d | ||
| 040 | _aLoreto College | ||
| 041 | _aEnglish | ||
| 082 |
_a843/SAG _bLCLIB/24063 |
||
| 100 | _aSagan, Francoise | ||
| 245 |
_aBonjour tristesse _cFrancoise Sagan; translated by Irene Ash |
||
| 260 |
_aLondon _bPenguin _c1976 |
||
| 300 |
_a108p. _c 18cm. |
||
| 650 | _aFrench - fiction | ||
| 700 | _aAsh, Irene; ed. | ||
| 850 | _aLCLIB/843/SAG | ||
| 942 | _cBK | ||
| 999 |
_c23879 _d74358 |
||